000 03150cam a2200289 4500500
005 20260329020644.0
041 _afre
042 _adc
100 1 0 _aLallemand, Ianis
_eauthor
245 0 0 _aConception et matérialité dans la production numérique contemporaine : perspective historique et pratiques émergentes
260 _c2020.
500 _a6
520 _aCet article se propose d’examiner sous une perspective historique certains aspects des relations entre conception et matérialité dans le champ de la production matérielle numérique. Cette démarche permet de relier les fondements techniques et conceptuels des outils numériques contemporains à l’essor d’une pensée géométrique et représentationnelle de la conception, introduite à la Renaissance avec le projet architectural moderne. À partir d’une analyse du tournant numérique opéré dans l’industrie au cours de la seconde moitié du XXe siècle, l’article défend ainsi l’idée selon laquelle la conception numérique dérive d’un projet d’absorption de la matérialité dans des enjeux de représentation, paradoxale au regard du rapprochement avec la matière que semblent favoriser les flux de travail contemporains – ce qu’exprime par exemple l’idée d’« artisanat numérique ». La dernière partie de l’article propose une introduction à une série de pratiques contemporaines en design et architecture, signalant un possible tournant vers une approche non plus représentationnelle, mais performative des technologies numériques.
520 _aThis article aims to investigate some aspects of the relationship between design and materiality within the field of digital material production. Following a historical perspective, the article associates the conceptual and technical foundations of digital tooling to the rise of a representational and geometric understanding of design, originating from the invention of the modern architectural project in the Renaissance. By analyzing the digitization of the industrial sector during the second half of the 20th century, we argue that, while the increasing streamlining of today’s workflows seem to bring designers closer to matter—a notion expressed by the idea of “digital craftsmanship”—, digital design tooling paradoxically originates from the project of absorbing materiality into issues of representation. The last part of the article offers an introduction to a series of contemporary practices within architecture and design, hinting at a shift towards a performative (rather than representational) approach to digital technologies.
690 _aarchitecture
690 _aconception et fabrication numérique
690 _agéométrie
690 _amatérialité
690 _areprésentation
690 _aarchitecture
690 _adigital design and fabrication
690 _ageometry
690 _amateriality
690 _arepresentation
786 0 _nSciences du Design | 12 | 2 | 2020-12-15 | p. 64-77 | 2428-3711
856 4 1 _uhttps://shs.cairn.info/revue-sciences-du-design-2020-2-page-64?lang=fr&redirect-ssocas=7080
999 _c1907051
_d1907051